| 000 | 00504nam a2200157Ia 4500 | ||
|---|---|---|---|
| 008 | 210716s2012 xx 000 0 und d | ||
| 020 | _a9788132110408 | ||
| 041 | _aeng | ||
| 082 | _a658.802 ELLN | ||
| 100 | _aEllis, Nick; Fitchett,James; Gavin Jack, Matthew Higgins; Lim, Ming; Saren, Michael; Tadajewski, Mark. | ||
| 245 |
_aMarketing: a critical textbook. _bA critical textbook. |
||
| 250 | _a1 | ||
| 260 |
_aNew Delhi _bSage Publications _c2012 |
||
| 300 | _axiii,245 | ||
| 650 | _aRural Marketing | ||
| 999 |
_c208022 _d208022 |
||